00819nam a2200229Ii 450000100060000000300090000600800410001502000150005604000330007104100080010408200130011210000230012524500740014826400630022230000120028533600260029733700280032333800270035194000520037899900170043095201420044711970CO-ViMGA241108s9999||||xx |||||||||||||| ||und|| a842831960X aCO-ViMGAbspaerdacCO-ViMGA0 aunk04a409-R6671 aR. H Robins95667810aBreve Historia de la Lingüística = A Short History of Linguistics 1a[Lugar de publicación no identificado] : Paraninfo, 1992 avolumen atextbtxt2rdacontent aunmediatedbn2rdamedia avolumebnc2rdacarrier aidficha_siabuc: 11680. -- ficha_no_siabuc:11970 c54744d54744 001040708001aMEVIGERRbMEVIGERRcGENd2006-11-27hVol.1o409-R667pECA13077r2024-11-26 10:41:40tEj.1w2024-11-26yBKz11680 | 15688